Ekonomický výhľad: ČSFR a SR august 1992

Saved in:
Bibliographic Details
Main Author: Múčková, Viktória
Other Authors: Vokoun, Jaroslav
Format: Book
Language:Slovak
Published: Bratislava Ústav ekonomickej teórie SAV 1992
Series:Edičný rad C
Subjects:
Tags: Add Tag
No Tags, Be the first to tag this record!

MARC

LEADER 00000nam a2200000 4500
001 c004243
005 20260302074550.5
041 0 |a slo 
044 |a SK 
245 1 0 |a Ekonomický výhľad: ČSFR a SR  |b august 1992  |c Viktória Múčková, Jaroslav Vokoun 
264 1 |a Bratislava  |b Ústav ekonomickej teórie SAV  |c 1992 
300 |a 14 s.  |e 1 príl. 
490 1 |a Edičný rad C 
830 0 |a Edičný rad C 
610 2 0 |a vývoj hospodársky 
610 2 0 |a ČSFR 
610 2 0 |a Slovensko 
610 2 0 |a ankety 
610 2 0 |a experti 
610 2 0 |a politika hospodárska 
610 2 0 |a Ústav ekonomickej teórie SAV Bratislava 
100 1 |a Múčková, Viktória 
700 1 |a Vokoun, Jaroslav